[Event "Rosario Bandera Memorial"]
[Site "Rosario"]
[Date "2017.06.17"]
[Round "2"]
[White "Grego, Maximiliano"]
[Black "Tokman, Ariel"]
[Result "0-1"]
[WhiteElo "1834"]
[BlackElo "2283"]
[PlyCount "82"]
[EventDate "2017.06.17"]
[EventType "swiss"]
[EventRounds "7"]
[EventCountry "ARG"]
[SourceTitle "CBM 179 Extra"]
[Source "ChessBase"]
[SourceDate "2017.08.23"]
[SourceVersion "1"]
[SourceVersionDate "2017.08.23"]
[SourceQuality "1"]

1. e4 d6 2. d4 Nf6 3. Nc3 Nbd7 4. Be3 e5 5. Nf3 Be7 6. h3 c6 7. Qd2 b5 8. Bd3 a6 9. dxe5 dxe5 10. a4 b4 11. Ne2 Qc7 12. Ng3 Nc5 13. 0-0 0-0 14. Qe2 a5 15. c4 bxc3 16. bxc3 Nxd3 17. Qxd3 Ba6 18. c4 Rfd8 19. Qc3 Nd7 20. Rfd1 Bb4 21. Qc2 Nc5 22. Rab1 Rxd1+ 23. Rxd1 f6 24. Ne1 Rd8 25. Rb1 Ne6 26. Nd3 c5 27. Ne2 Qd7 28. Rd1 Bb7 29. f3 Bc6 30. Nb2 Nd4 31. Bxd4 cxd4 32. Nc1 Rb8 33. Ncd3 Bc3 34. Ra1 Qb7 35. Ra2 Qb3 36. Qxb3 Rxb3 37. Kf1 Be8 38. Ke2 Bf7 39. h4 Kf8 40. Kd1 Bb4 41. Ra1 Bxc4 0-1

[Event "Santa Fe IRT Club Espanol B"]
[Site "Santa Fe"]
[Date "2015.12.20"]
[Round "6.1"]
[White "Grego, Maximiliano"]
[Black "Jesse, Jose"]
[Result "1/2-1/2"]
[WhiteElo "1815"]
[BlackElo "1922"]
[PlyCount "76"]
[EventDate "2015.12.16"]
[EventType "tourn"]
[EventRounds "7"]
[EventCountry "ARG"]
[SourceTitle "EXT 2024"]
[Source "ChessBase"]
[SourceDate "2023.10.10"]
[SourceVersion "1"]
[SourceVersionDate "2023.10.10"]
[SourceQuality "1"]

1. e4 c6 2. d4 d5 3. exd5 cxd5 4. Bd3 Nc6 5. Nf3 Nf6 6. c3 Bg4 7. 0-0 e6 8. h3 Bh5 9. Re1 Be7 10. Nbd2 Bg6 11. Bxg6 hxg6 12. Ng5 Qd6 13. Ndf3 Nh7 14. b4 Nxg5 15. Nxg5 Bxg5 16. Bxg5 f6 17. Qg4 Kf7 18. Bf4 Qd7 19. Qf3 a6 20. Qd3 b5 21. a4 Qb7 22. Re3 bxa4 23. Qe2 Qd7 24. Rxa4 Nxd4 25. Qa2 Nf5 26. Re1 Qb5 27. Ra1 Rhc8 28. Bd2 Rc6 29. Ra5 Qd3 30. b5 Rb6 31. Rxa6 Rbxa6 32. Qxa6 Re8 33. Qc6 Qxd2 34. Ra7+ Re7 35. Rxe7+ Kxe7 36. Qc7+ Ke8 37. b6 e5 38. b7 Qc1+ 1/2-1/2

[Event "Santa Fe IRT Club Espanol B"]
[Site "Santa Fe"]
[Date "2015.12.18"]
[Round "3.1"]
[White "Dlugovitzky, Pablo"]
[Black "Grego, Maximiliano"]
[Result "0-1"]
[WhiteElo "2005"]
[BlackElo "1815"]
[PlyCount "40"]
[EventDate "2015.12.16"]
[EventType "tourn"]
[EventRounds "7"]
[EventCountry "ARG"]
[SourceTitle "EXT 2024"]
[Source "ChessBase"]
[SourceDate "2023.10.10"]
[SourceVersion "1"]
[SourceVersionDate "2023.10.10"]
[SourceQuality "1"]

1. d4 d5 2. Nf3 Nf6 3. c4 e6 4. Nc3 c6 5. e3 Nbd7 6. Bd3 dxc4 7. Bxc4 b5 8. Bb3 b4 9. Ne2 Qb6 10. 0-0 Ba6 11. Re1 Be7 12. Ng3 c5 13. e4 0-0 14. d5 c4 15. dxe6 cxb3 16. exf7+ Rxf7 17. e5 Ng4 18. e6 Qxf2+ 19. Kh1 Rxf3 20. exd7 Rd3 0-1

[Event "Junin Cup 1st"]
[Site "Junin"]
[Date "2015.10.09"]
[Round "1.1"]
[White "Gaitan, Juan Manuel"]
[Black "Grego, Maximiliano"]
[Result "1-0"]
[WhiteElo "2340"]
[BlackElo "1839"]
[PlyCount "51"]
[EventDate "2015.10.09"]
[EventType "swiss"]
[EventRounds "6"]
[EventCountry "ARG"]
[SourceTitle "EXT 2024"]
[Source "ChessBase"]
[SourceDate "2023.10.10"]
[SourceVersion "1"]
[SourceVersionDate "2023.10.10"]
[SourceQuality "1"]

1. Nf3 Nf6 2. g3 d5 3. Bg2 e6 4. c4 c5 5. 0-0 Bd6 6. cxd5 exd5 7. d4 0-0 8. Nc3 h6 9. Nb5 Nc6 10. Nxd6 Qxd6 11. Bf4 Qe7 12. dxc5 Ne4 13. Qxd5 Rd8 14. Qc4 Nxc5 15. Rac1 Ne6 16. Be3 Bd7 17. Rfd1 Rac8 18. Qh4 f6 19. a3 Nc7 20. b4 b6 21. Qc4+ Ne6 22. Qe4 f5 23. Qh4 Qf7 24. b5 Na5 25. Rxc8 Rxc8 26. Ne5 1-0